Generalizations of cliques, Odd cycles and anticycles and their relation to independence system polyhedra

Gespeichert in:
Bibliographische Detailangaben
1. Verfasser: Euler, R.
Weitere Verfasser: Jünger, M., Reinelt, G.
Format: Buch
Sprache:Englisch
Veröffentlicht: Köln Universität 1983
Schriftenreihe:Report 6/83
Tags: Tag hinzufügen
Keine Tags, Fügen Sie das erste Tag hinzu!

MARC

LEADER 00000nam a2200000 4500
001 c113756
005 20240404070538.4
041 0 |a eng 
044 |a DE 
245 1 0 |a Generalizations of cliques, Odd cycles and anticycles and their relation to independence system polyhedra  |c R. Euler, M. Jünger, G. Reinelt 
264 1 |a Köln  |b Universität  |c 1983 
300 |a 21 s. 
490 1 |a Report  |v 6/83 
830 0 |a Report  |v 6/83 
100 1 |a Euler, R. 
700 1 |a Jünger, M. 
700 1 |a Reinelt, G.